Southville International School and Colleges
Your cart is empty.
  • Cart
  • Lists
    Public lists Eva Luna New books Lux_list list_1
    Your lists Log in to create your own lists
  • Log in to your account
  • Your cookies
  • Search history
Southville International School and Colleges
  • Advanced search
  • Recent comments
  • Most popular
  • Libraries

Log in to your account

Log in with GOOGLE


If you do not have an external account, but do have a local account, you can still log in:

  1. Home
  2. MARC view: David Copperfield /
Normal view MARC view ISBD view

David Copperfield / (Record no. 8318)

[ view plain ]
MARC details
000 -LEADER
fixed length control field 00619nam a22002177a 4500
003 - CONTROL NUMBER IDENTIFIER
control field OSt
005 - DATE AND TIME OF LATEST TRANSACTION
control field 20260127134712.0
008 - FIXED-LENGTH DATA ELEMENTS--GENERAL INFORMATION
fixed length control field 130731t xxu||||| |||| 00| 0 eng d
020 ## - INTERNATIONAL STANDARD BOOK NUMBER
International Standard Book Number 0195853377
050 ## - LIBRARY OF CONGRESS CALL NUMBER
Classification number PR 4558
Item number .D548 1992
082 ## - DEWEY DECIMAL CLASSIFICATION NUMBER
Classification number KF
Item number D55o #3
100 ## - MAIN ENTRY--PERSONAL NAME
Personal name Dickens, Charles
9 (RLIN) 3381
245 ## - TITLE STATEMENT
Title David Copperfield /
Statement of responsibility, etc Charles Dickens.
260 ## - PUBLICATION, DISTRIBUTION, ETC. (IMPRINT)
Place of publication, distribution, etc Hongkong :
Name of publisher, distributor, etc Oxford University Press,
Date of publication, distribution, etc c1992.
300 ## - PHYSICAL DESCRIPTION
Extent 89 p.:
Other physical details ill. ;
Dimensions 20 cm.
562 ## - COPY AND VERSION IDENTIFICATION NOTE
Number of copies 1
650 ## - SUBJECT ADDED ENTRY--TOPICAL TERM
Topical term or geographic name as entry element Unhappy childhood
General subdivision Fiction.
9 (RLIN) 6947
650 ## - SUBJECT ADDED ENTRY--TOPICAL TERM
Topical term or geographic name as entry element David Copperfield (Fictitious character).
9 (RLIN) 6948
942 ## - ADDED ENTRY ELEMENTS (KOHA)
Source of classification or shelving scheme Library of Congress Classification
Koha item type Books
Holdings
Withdrawn status Lost status Source of classification or shelving scheme Damaged status Home library Current library Shelving location Date acquired Total Checkouts Full call number Barcode Date last seen Copy number Price effective from Koha item type
    Library of Congress Classification   Luxembourg Library Luxembourg Library Kids Fiction Section 07/31/2013   PR 4558 .D548 1992 3031 08/13/2013 1 07/31/2013 Books

David Copperfield /

APA

Dickens C., . (1992). David Copperfield. Hongkong: Oxford University Press.

Chicago

Dickens Charles, . 1992. David Copperfield. Hongkong: Oxford University Press.

Harvard

Dickens C., . (1992). David Copperfield. Hongkong: Oxford University Press.

MLA

Dickens Charles, . David Copperfield. Hongkong: Oxford University Press. 1992.

  • Place hold
  • Print
  • Cite
  • Add to your cart (remove)
  • Save record
    BIBTEX Dublin Core MARCXML MARC (non-Unicode/MARC-8) MARC (Unicode/UTF-8) MARC (Unicode/UTF-8, Standard) MODS (XML) RIS
  • More searches
    Search for this title in:
    Other Libraries (WorldCat) Other Databases (Google Scholar) Online Stores (Bookfinder.com) Open Library (openlibrary.org)

Exporting to Dublin Core...

SOUTHVILLE LIBRARY

Southville International School and Colleges Library

1281 Tropical Ave. Cor. Luxembourg St., BF Homes International, Las Pinas City

Tel. No. 8256374 / 252358 Loc. 117/146

Powered by Koha